Roman Numerals to 200 - Statistics

General Stats
  • This quiz has been taken 137 times
  • The average score is 114 of 200
Answer Stats
Answer % Correct
I
100%
II
100%
III
97%
V
97%
VI
97%
VII
97%
IV
95%
IX
95%
VIII
95%
X
95%
XI
95%
XII
95%
XIII
95%
XIV
92%
XV
92%
XVI
92%
XVII
92%
XVIII
92%
XX
89%
XXI
89%
XXII
89%
XXIII
89%
XXIV
89%
XXV
89%
XXVI
89%
XXVII
89%
XXVIII
89%
XXX
89%
XIX
87%
XXIX
87%
XXXI
87%
XXXII
87%
XXXIII
87%
XXXIV
87%
XXXV
84%
XXXVI
84%
XXXVII
84%
XXXVIII
84%
XXXIX
82%
L
74%
LI
74%
LII
74%
LIII
74%
LIV
74%
LV
74%
LVI
74%
LVII
74%
LVIII
74%
XL
74%
XLI
74%
XLII
74%
XLIII
74%
XLIV
74%
XLV
74%
XLVI
74%
XLVII
74%
XLVIII
74%
LIX
71%
LX
71%
LXI
71%
LXII
71%
LXIII
71%
LXIV
71%
LXIX
71%
LXV
71%
LXVI
71%
LXVII
71%
LXVIII
71%
LXX
71%
LXXI
71%
LXXII
71%
LXXIII
71%
LXXIV
71%
XLIX
71%
LXXIX
68%
LXXV
68%
LXXVI
68%
LXXVII
68%
LXXVIII
68%
LXXX
68%
LXXXI
68%
LXXXII
68%
LXXXIII
68%
LXXXIV
68%
LXXXV
68%
LXXXVI
68%
LXXXIX
66%
LXXXVII
66%
LXXXVIII
66%
XC
63%
XCI
63%
XCII
63%
XCIII
63%
C
61%
CI
61%
CII
61%
CIII
61%
CIV
61%
XCIV
61%
XCIX
61%
XCV
61%
XCVI
61%
XCVII
61%
XCVIII
61%
CIX
58%
CV
58%
CVI
58%
CVII
58%
CVIII
58%
CX
58%
CXI
58%
CXII
58%
CXIII
58%
CXIV
55%
CXV
55%
CXVI
55%
CXVII
53%
CXIX
50%
CXVIII
50%
CXX
50%
CXXI
47%
CXXII
47%
CXXIII
47%
CXXIV
47%
CXXV
47%
CXXVI
47%
CXXVII
47%
CXXVIII
47%
CXL
45%
CXLI
45%
CXLII
45%
CXLIII
45%
CXLIV
45%
CXLV
45%
CXLVI
45%
CXLVII
45%
CXXIX
45%
CXXX
45%
CXXXI
45%
CXXXII
45%
CXXXIII
45%
CXXXIV
45%
CXXXIX
45%
CXXXV
45%
CXXXVI
45%
CXXXVII
45%
CXXXVIII
45%
CXLIX
42%
CXLVIII
42%
CL
37%
CLI
37%
CLII
37%
CLIII
37%
CLIV
37%
CLIX
37%
CLV
37%
CLVI
37%
CLVII
37%
CLVIII
37%
CLX
32%
CLXI
32%
CLXII
32%
CLXIII
29%
CLXIV
26%
CLXV
26%
CLXVI
26%
CLXVII
26%
CLXVIII
26%
CLXIX
24%
CLXX
24%
CLXXI
24%
CLXXII
21%
CLXXIII
21%
CLXXIV
21%
CLXXIX
21%
CLXXV
21%
CLXXVI
21%
CLXXVII
21%
CLXXVIII
21%
CLXXX
21%
CLXXXI
21%
CLXXXII
21%
CLXXXIII
21%
CLXXXIV
18%
CLXXXV
18%
CLXXXVI
16%
CLXXXIX
13%
CLXXXVII
13%
CLXXXVIII
13%
CXC
13%
CXCI
13%
CXCII
13%
CXCIII
13%
CXCIV
13%
CXCV
13%
CXCVI
13%
CXCVII
13%
CC
11%
CXCIX
11%
CXCVIII
11%
No matching quizzes found
Score Distribution
Percent of People with Each Score
Percentile by Number Answered
Your Score History
You have not taken this quiz